[Event "FRA-chT2B 0506"]
[Site "France"]
[Date "2006.03.11"]
[Round "8.8"]
[White "Maleki, Nicolas"]
[Black "Gambier, Hugo"]
[Result "1-0"]
[WhiteElo "2112"]
[BlackElo "2002"]
[PlyCount "97"]
[EventDate "2005.10.27"]
[EventType "team-tourn"]
[EventRounds "11"]
[EventCountry "FRA"]
[SourceTitle "EXT 2006"]
[Source "ChessBase"]
[SourceDate "2005.11.24"]
[SourceVersion "1"]
[SourceVersionDate "2005.11.24"]
[SourceQuality "1"]
[WhiteTeam "Lutece"]
[BlackTeam "Creteil  II"]
[WhiteTeamCountry "FRA"]
[BlackTeamCountry "FRA"]

1. e4 c5 2. Nf3 Nc6 3. d4 cxd4 4. Nxd4 Nf6 5. Nc3 d6 6. Be3 e5 7. Nb3 Be7 8. f3 a5 9. Na4 Be6 10. Nb6 Rb8 11. c4 Nd7 12. Nd5 Bxd5 13. cxd5 Nb4 14. a3 Na6 15. Bb5 0-0 16. Bxd7 Qxd7 17. Nxa5 Bh4+ 18. g3 Bd8 19. Nc4 b5 20. Nd2 Qh3 21. Kf2 f5 22. exf5 Qxf5 23. Kg2 Qd3 24. Nf1 Qxd1 25. Rxd1 b4 26. Nd2 bxa3 27. bxa3 Rb2 28. Rb1 Ra2 29. Ra1 Rxa1 30. Rxa1 Nc7 31. Ne4 Nxd5 32. Bf2 Be7 33. a4 Nf6 34. a5 d5 35. Nxf6+ Bxf6 36. Ra4 Ra8 37. a6 Kf7 38. Bc5 Be7 39. Bxe7 Kxe7 40. a7 Kd6 41. Kf2 Kc6 42. f4 exf4 43. gxf4 Kb5 44. Ra1 Kb6 45. Ke3 Kc5 46. f5 Kb5 47. Kd4 Kc6 48. h4 h5 49. Ra2 1-0

[Event "Bois Colombes op 2nd"]
[Site "Bois Colombes"]
[Date "2005.12.22"]
[Round "2"]
[White "Gambier, Hugo"]
[Black "Pierson, Emmanuel"]
[Result "1-0"]
[WhiteElo "2029"]
[BlackElo "1905"]
[PlyCount "55"]
[EventDate "2005.12.21"]
[EventType "swiss"]
[EventRounds "6"]
[EventCountry "FRA"]
[SourceTitle "EXT 2007"]
[Source "ChessBase"]
[SourceDate "2006.11.23"]
[SourceVersion "1"]
[SourceVersionDate "2006.11.23"]
[SourceQuality "1"]

1. e4 c5 2. Nf3 Nc6 3. Nc3 e5 4. Bc4 Be7 5. d3 Nf6 6. 0-0 0-0 7. Bg5 d6 8. h3 a6 9. a4 Rb8 10. Nd2 h6 11. Be3 Be6 12. f4 exf4 13. Bxf4 Nd7 14. Bxe6 fxe6 15. Qg4 Rf6 16. Nc4 e5 17. Bd2 Nd4 18. Nd5 Rxf1+ 19. Rxf1 Bg5 20. Bxg5 hxg5 21. c3 Nc6 22. Qe6+ Kh8 23. Nxd6 Kh7 24. Nf7 Qe8 25. Nxg5+ Kh8 26. Qg4 Nf8 27. Qh4+ Kg8 28. Rxf8+ 1-0

[Event "FRA-chT U20"]
[Site "Pau"]
[Date "2005.12.20"]
[Round "7"]
[White "Gambier, Hugo"]
[Black "Edouard, Romain"]
[Result "0-1"]
[WhiteElo "2029"]
[BlackElo "2338"]
[PlyCount "64"]
[EventDate "2005.12.??"]
[EventType "team-tourn"]
[EventRounds "11"]
[EventCountry "FRA"]
[SourceTitle "EXT 2007"]
[Source "ChessBase"]
[SourceDate "2006.11.23"]
[SourceVersion "1"]
[SourceVersionDate "2006.11.23"]
[SourceQuality "1"]
[WhiteTeam "Creteil"]
[BlackTeam "Montpellier"]
[WhiteTeamCountry "FRA"]
[BlackTeamCountry "FRA"]

1. e4 c5 2. Nf3 Nc6 3. d4 cxd4 4. Nxd4 e5 5. Nb5 d6 6. N1c3 a6 7. Na3 Be7 8. Nc4 b5 9. Ne3 Nf6 10. Ned5 Nxd5 11. Nxd5 0-0 12. Bd3 Bg5 13. Be3 Bxe3 14. Nxe3 Rb8 15. 0-0 a5 16. b3 Be6 17. a4 b4 18. Bc4 Nd4 19. Qd3 Qb6 20. Rad1 Rfc8 21. Rd2 Rc5 22. f4 Bxc4 23. Nxc4 Rxc4 24. bxc4 Nf3+ 25. Kh1 Nxd2 26. Qxd2 exf4 27. Qxf4 Rf8 28. Rd1 Qc6 29. Qxd6 Qxc4 30. Qd3 Qc6 31. Qb5 Qxc2 32. Rg1 Qc7 0-1

[Event "FRA-chT U20"]
[Site "Pau"]
[Date "2005.12.18"]
[Round "4"]
[White "Gambier, Hugo"]
[Black "Benassayag, Lucas"]
[Result "0-1"]
[WhiteElo "2029"]
[BlackElo "2017"]
[PlyCount "36"]
[EventDate "2005.12.??"]
[EventType "team-tourn"]
[EventRounds "11"]
[EventCountry "FRA"]
[SourceTitle "EXT 2007"]
[Source "ChessBase"]
[SourceDate "2006.11.23"]
[SourceVersion "1"]
[SourceVersionDate "2006.11.23"]
[SourceQuality "1"]
[WhiteTeam "Creteil"]
[BlackTeam "Cannes"]
[WhiteTeamCountry "FRA"]
[BlackTeamCountry "FRA"]

1. e4 c5 2. Nf3 e6 3. d4 cxd4 4. Nxd4 a6 5. Nc3 b5 6. Bd3 Qb6 7. Be3 Bc5 8. Be2 Nc6 9. Nxc6 Qxc6 10. Bxc5 Qxc5 11. Qd3 Bb7 12. Qg3 g6 13. 0-0-0 b4 14. Na4 Qa5 15. b3 Bc6 16. Nb2 Qxa2 17. Qe5 f6 18. Qd4 e5 0-1

[Event "FRA-chT U20 0506"]
[Site "France"]
[Date "2005.11.13"]
[Round "3.2"]
[White "Tache, Benjamin"]
[Black "Gambier, Hugo"]
[Result "1-0"]
[WhiteElo "1926"]
[BlackElo "2029"]
[PlyCount "61"]
[EventDate "2005.11.12"]
[EventType "team-tourn"]
[EventRounds "3"]
[EventCountry "FRA"]
[SourceTitle "CBM 109 Extra"]
[Source "ChessBase"]
[SourceDate "2006.01.03"]
[SourceVersion "2"]
[SourceVersionDate "2006.01.03"]
[SourceQuality "1"]

1. d4 d5 2. c4 c6 3. Nf3 Nf6 4. Nc3 dxc4 5. a4 Bf5 6. e3 e6 7. Bxc4 Bb4 8. 0-0 0-0 9. Nh4 Bg4 10. Be2 Bxe2 11. Qxe2 Nd5 12. Nxd5 exd5 13. Nf5 Qg5 14. Ng3 Qg6 15. b3 Re8 16. Ba3 Na6 17. Bxb4 Nxb4 18. Rac1 a5 19. Nh5 Qe4 20. Qf3 Qg6 21. Nf4 Qf5 22. g4 Qe4 23. Qxe4 Rxe4 24. Rc3 Kf8 25. h3 Ke7 26. f3 Rxf4 27. exf4 Kf6 28. Re1 h6 29. Kg2 Rd8 30. f5 Rd7 31. Kg3 1-0

[Event "FRA-ch U16"]
[Site "Calvi"]
[Date "2005.04.23"]
[Round "8"]
[White "Gambier, Hugo"]
[Black "Houriez, Clement"]
[Result "1-0"]
[WhiteElo "1870"]
[BlackElo "2071"]
[PlyCount "41"]
[EventDate "2005.04.??"]
[EventType "swiss"]
[EventRounds "9"]
[EventCountry "FRA"]
[SourceTitle "EXT 2006"]
[Source "ChessBase"]
[SourceDate "2005.11.24"]
[SourceVersion "1"]
[SourceVersionDate "2005.11.24"]
[SourceQuality "1"]

1. e4 c5 2. Nf3 d6 3. d4 cxd4 4. Nxd4 Nf6 5. Nc3 g6 6. Be3 Bg7 7. f3 0-0 8. Qd2 Nc6 9. Bc4 Bd7 10. 0-0-0 Qa5 11. Bb3 Rfc8 12. h4 Ne5 13. g4 b5 14. h5 Nc4 15. Bxc4 bxc4 16. Bh6 Bh8 17. Nf5 Re8 18. Qg5 Qb4 19. hxg6 fxg6 20. Bg7 gxf5 21. Bxf6+ 1-0